Video Games from 2017 - Statistics

General Stats
  • This quiz has been taken 13 times
  • The average score is 11 of 25
Answer Stats
Hint Answer % Correct
First open world Legend of Zelda title The Legend of Zelda: Breath of the Wild
100%
Silksong predecessor Hollow Knight
92%
Virtual reality release where time only moves when you do SUPERHOT VR
67%
Island survival game with dinosaurs ARK: Survival Evolved
58%
Free-to-play platform fighter set in Valhalla Brawlhalla
58%
Rubberhose animated bullet hell Cuphead
58%
Visual novel dating sim with a morbid twist Doki Doki Literature Club!
58%
Game about breaking into your neighbor's basement Hello Neighbor
58%
Limbo-esque puzzle platformer with an iconic yellow raincoat Little Nightmares
58%
Enhanced version of Pokemon Moon Pokemon Ultra Moon
58%
Cauldron man with a hammer, by QWOP creator Getting Over It with Bennett Foddy
50%
Game where you farm slimes for plorts Slime Rancher
50%
Nintendo's hopeful new boxing themed IP Arms
42%
Larian studios CRPG before Baldur's Gate 3 Divinity: Original Sin II
42%
3D Collect-a-thon platformer released in the same month as Super Mario Odyssey A Hat in Time
25%
Group of animals solve a small town mystery Night in the Woods
25%
Hero shooter by Hi-Rez Studios Paladins
25%
RPG Maker game made by the Plants VS Zombies composer Rakuen
25%
Soft reboot of a classic horror franchise Resident Evil 7: Biohazard
25%
Annapurna's first published game, about a cursed family What Remains of Edith Finch
25%
Innovative martial-arts fighting game Absolver
17%
Detective game about investigating a lost phone Simulacra
17%
Dating Sim developed by Game Grumps Dream Daddy
17%
"To the moon" sequel Finding Paradise
0%
Zachtronics puzzle-programming alchemy game Opus Magnum
0%
No matching quizzes found
Score Distribution
Percent of People with Each Score
Percentile by Number Answered
Your Score History
You have not taken this quiz